Statistics for Fast typing numbers

Click here to take the quiz!

General Stats

  • This quiz has been taken 47 times
  • The average score is 90 of 100

Answer Stats

HintAnswer% Correct
98%1
100%
97%2
100%
96%3
100%
97%5
98%
94%6
98%
93%7
98%
92%8
98%
91%9
98%
97%10
95%
89%12
95%
88%13
95%
87%14
95%
86%15
95%
85%16
95%
84%17
95%
83%18
95%
82%19
95%
95%20
95%
81%21
95%
80%22
95%
79%23
95%
78%24
95%
77%25
95%
76%26
95%
75%27
95%
69%34
95%
95%4
95%
74%28
93%
93%30
93%
72%31
93%
71%32
93%
70%33
93%
68%35
93%
67%36
93%
66%37
93%
65%38
93%
64%39
93%
91%40
93%
63%41
93%
62%42
93%
61%43
93%
60%44
93%
59%45
93%
73%
29
93%
90%11
90%
54%51
90%
52%53
90%
50%55
90%
87%60
90%
45%61
90%
44%62
90%
43%63
90%
42%64
90%
41%65
90%
40%66
90%
57%47
88%
56%48
88%
89%50
88%
53%52
88%
51%54
88%
30%77
88%
24%84
88%
58%46
86%
55%49
86%
49%56
86%
48%57
86%
47%58
86%
46%59
86%
38%68
86%
37%69
86%
85%70
86%
34%73
86%
33%74
86%
83%80
86%
25%83
86%
23%85
86%
20%88
86%
19%89
86%
18%91
86%
17%92
86%
16%93
86%
39%67
83%
36%71
83%
35%72
83%
32%75
83%
31%76
83%
29%78
83%
28%79
83%
27%81
83%
26%82
83%
22%86
83%
21%87
83%
81%90
83%
15%94
83%
12%97
83%
12%98
83%
90%100
81%
14%95
81%
13%96
81%
12%99
81%

Score Distribution

Percentile by Number Answered

Percent of People with Each Score

Your Score History

You have not taken this quiz